[Event "CAN-op"]
[Site "Ottawa CAN"]
[Date "2007.07.10"]
[Round "5"]
[White "Van Dijk, Timon"]
[Black "Bertrand, Daryl"]
[Result "1-0"]
[WhiteElo "2273"]
[BlackElo "2029"]
[PlyCount "97"]
[GameId "2160767910642194"]
[EventDate "2007.07.07"]
[EventType "swiss"]
[EventRounds "10"]
[EventCountry "CAN"]

1. c4 e6 2. d4 d5 3. Nc3 Be7 4. Nf3 Nf6 5. cxd5 Nxd5 6. e4 Nxc3 7. bxc3 c5 8. d5 O-O 9. c4 Qc7 10. Bb2 exd5 11. cxd5 Bg4 12. Be2 Bxf3 13. Bxf3 Bd6 14. g3 c4 15. O-O Nd7 16. Rc1 b5 17. Bd4 Nc5 18. Bg2 Rae8 19. Bxc5 Qxc5 20. Qc2 Rc8 21. Kh1 Rc7 22. f4 f6 23. Rfe1 Re7 24. Re2 g6 25. Rce1 Rfe8 26. Qd1 Qa3 27. Qa1 c3 28. Qd1 Qa4 29. Qxa4 bxa4 30. Bh3 f5 31. e5 Ba3 32. Rb1 Rc7 33. Rc2 Rec8 34. Bf1 Rc5 35. Ba6 Rd8 36. d6 Rd7 37. Bb5 Rd8 38. Bxa4 Ra5 39. Bb3+ Kf8 40. Rxc3 Rc5 41. Rxc5 Bxc5 42. Rc1 Bb6 43. Be6 Re8 44. Bd7 Rd8 45. e6 Rb8 46. e7+ Kf7 47. Re1 Re8 48. Bxe8+ Kxe8 49. d7+ 1-0

[Event "CAN-op"]
[Site "Ottawa CAN"]
[Date "2007.07.11"]
[Round "6"]
[White "Aniag, Danilo"]
[Black "Plotkin, Victor"]
[Result "0-1"]
[WhiteElo "2079"]
[BlackElo "2253"]
[PlyCount "170"]
[GameId "2160767910642198"]
[EventDate "2007.07.07"]
[EventType "swiss"]
[EventRounds "10"]
[EventCountry "CAN"]

1. d4 d5 2. c4 dxc4 3. e3 Nf6 4. Nc3 e6 5. Bxc4 c5 6. Nf3 cxd4 7. Qxd4 Qxd4 8. Nxd4 a6 9. a3 Be7 10. O-O O-O 11. b4 b5 12. Bb3 Bb7 13. Bb2 Nc6 14. Nc2 Rac8 15. Rfd1 Rfd8 16. Ne1 Bd6 17. f3 Ne5 18. Rd4 Bc7 19. Rxd8+ Rxd8 20. Rd1 Rxd1 21. Nxd1 Bd5 22. Bxd5 Nxd5 23. Bxe5 Bxe5 24. Nd3 Bd6 25. Nc5 a5 26. Nb3 axb4 27. axb4 Bxb4 28. Nd4 Nc7 29. Kf1 Bc5 30. Nb3 Bb6 31. e4 Kf8 32. Nb2 Ke7 33. Nd3 Kd6 34. Ke2 Na6 35. Kd2 Nc5 36. Nbxc5 Bxc5 37. Kc3 f6 38. h3 Kc6 39. Nf4 Kd7 40. Nd3 Bd6 41. Kb3 Ke7 42. Nc1 Kd7 43. Nd3 f5 44. Kc2 fxe4 45. fxe4 Ke7 46. Kd2 Kf6 47. Ke3 Kg5 48. Kf3 b4 49. Nc1 Kf6 50. Nb3 Ke5 51. Ke3 Bc7 52. Nc1 Bb6+ 53. Kd3 g6 54. g3 Ba7 55. Nb3 Bf2 56. g4 Kf4 57. Ke2 Bb6 58. Nd2 Kg3 59. Nb3 Kxh3 60. Kf3 Kh4 61. Kf4 Bc7+ 62. Kf3 Kg5 63. Nc5 Kf6 64. e5+ Ke7 65. Ke4 h5 66. gxh5 gxh5 67. Kf4 Bb6 68. Nb3 h4 69. Kg4 Bf2 70. Nc1 Bg3 71. Nb3 Kd7 72. Nc5+ Kc8 73. Kh3 Bf2 74. Nb3 Kd7 75. Kg2 Bb6 76. Kh3 Kc6 77. Kxh4 Kd5 78. Kg4 Kxe5 79. Kf3 Kd5 80. Nd2 Kd4 81. Ke2 Kc3 82. Kd1 b3 83. Nb1+ Kb2 84. Nd2 Ka2 85. Ne4 Bd4 0-1

[Event "CAN-op"]
[Site "Ottawa CAN"]
[Date "2007.07.11"]
[Round "6"]
[White "Armstrong, Robert J"]
[Black "Inigo, Aquino"]
[Result "0-1"]
[WhiteElo "1799"]
[BlackElo "1945"]
[PlyCount "64"]
[GameId "2160767910642199"]
[EventDate "2007.07.07"]
[EventType "swiss"]
[EventRounds "10"]
[EventCountry "CAN"]

1. d4 d5 2. c4 e6 3. e3 Nf6 4. Nf3 Be7 5. Bd3 O-O 6. O-O b6 7. Nc3 Bb7 8. cxd5 Nxd5 9. Qc2 c5 10. Bd2 Nc6 11. Ne2 Re8 12. e4 f5 13. Bf4 e5 14. Bg3 Rc8 15. Rac1 h6 16. exf5 Bg5 17. f6 gxf6 18. Bc4 a5 19. dxe5 fxe5 20. Nxg5 Nd4 21. Kh1 Qc7 22. Nxd4 cxd4 23. Ba6 Rf8 24. Bd3 b5 25. b4 axb4 26. Be4 Qe7 27. Bxd5+ Kg7 28. h4 Rxc2 29. a4 Ra2 30. h5 Qxg5 31. Bc6 Qf5 32. Bd5 Ra3 0-1

[Event "CAN-op"]
[Site "Ottawa CAN"]
[Date "2007.07.11"]
[Round "6"]
[White "Ferreira, Alex"]
[Black "Villalobos, Oscar"]
[Result "1-0"]
[WhiteElo "1892"]
[BlackElo "1729"]
[PlyCount "99"]
[GameId "2160767910642210"]
[EventDate "2007.07.07"]
[EventType "swiss"]
[EventRounds "10"]
[EventCountry "CAN"]
[SourceTitle "EXT 2022"]
[Source "ChessBase"]
[SourceDate "2021.10.06"]
[SourceVersion "1"]
[SourceVersionDate "2021.10.06"]
[SourceQuality "1"]

1. e4 c5 2. Nf3 d6 3. d4 cxd4 4. Nxd4 Nf6 5. Bd3 e5 6. Nb3 Nbd7 7. c4 a6 8. Nc3 Be7 9. Be3 Nb6 10. Rc1 Be6 11. Nd2 Rc8 12. Nd5 Nbxd5 13. cxd5 Bd7 14. f3 O-O 15. O-O b5 16. Qe2 Nh5 17. a4 Nf4 18. Bxf4 exf4 19. Rxc8 Qxc8 20. axb5 axb5 21. Nb3 Qb7 22. Rc1 Bf6 23. Kf1 Qb6 24. Qf2 Qxf2+ 25. Kxf2 Rc8 26. Rxc8+ Bxc8 27. Bxb5 Bxb2 28. Ke2 f5 29. Nd2 Ba3 30. e5 dxe5 31. Nc4 Be7 32. d6 Bd8 33. Nxe5 Bb7 34. Kd3 Kf8 35. h3 Bh4 36. Kc4 g6 37. Nd3 Kf7 38. Kc5 Bd8 39. Nxf4 g5 40. Nd3 Ke6 41. Bc4+ Kf6 42. Bb5 h5 43. Nb4 g4 44. Bc6 Bc8 45. d7 Bxd7 46. Bxd7 Be7+ 47. Kc4 Bxb4 48. Kxb4 gxh3 49. gxh3 h4 50. f4 1-0

[Event "CAN-op"]
[Site "Ottawa CAN"]
[Date "2007.07.11"]
[Round "6"]
[White "Hayder, Aziz"]
[Black "Gardner, Robert"]
[Result "0-1"]
[WhiteElo "2167"]
[BlackElo "2207"]
[PlyCount "50"]
[GameId "2160767910642216"]
[EventDate "2007.07.07"]
[EventType "swiss"]
[EventRounds "10"]
[EventCountry "CAN"]
[SourceTitle "CBM 119 Extra"]
[Source "ChessBase"]
[SourceDate "2007.09.04"]
[SourceVersion "1"]
[SourceVersionDate "2007.09.04"]
[SourceQuality "1"]

1. d4 Nf6 2. c4 e6 3. Nc3 Bb4 4. f3 d5 5. e3 c5 6. a3 Bxc3+ 7. bxc3 O-O 8. Bd3 Qc7 9. Qc2 dxc4 10. Bxc4 cxd4 11. cxd4 e5 12. Ne2 Nc6 13. Bd3 exd4 14. Nxd4 Qa5+ 15. Kf2 Nxd4 16. exd4 Be6 17. Rd1 Rac8 18. Qe2 Rfe8 19. Qb2 Bc4 20. Bd2 Qd5 21. Bxc4 Rxc4 22. Be3 Qf5 23. Qe2 Ng4+ 24. Kg1 Nxe3 25. Rac1 Rc2 0-1

[Event "CAN-op"]
[Site "Ottawa CAN"]
[Date "2007.07.11"]
[Round "6"]
[White "Pacey, Kevin"]
[Black "Tremblay, Brent"]
[Result "1-0"]
[WhiteElo "2271"]
[BlackElo "1595"]
[PlyCount "47"]
[GameId "2160767910642232"]
[EventDate "2007.07.07"]
[EventType "swiss"]
[EventRounds "10"]
[EventCountry "CAN"]
[SourceTitle "EXT 2022"]
[Source "ChessBase"]
[SourceDate "2021.10.06"]
[SourceVersion "1"]
[SourceVersionDate "2021.10.06"]
[SourceQuality "1"]

1. e4 e6 2. d4 d5 3. e5 c5 4. c3 Nc6 5. Nf3 Qb6 6. Bd3 cxd4 7. cxd4 Bd7 8. O-O Nxd4 9. Nbd2 Bc5 10. Nxd4 Bxd4 11. Qe2 Ne7 12. Nb3 Ng6 13. Bd2 a6 14. Rae1 Qa7 15. Kh1 Ba4 16. f4 Bxb3 17. axb3 O-O 18. Qh5 Rac8 19. Rf3 Bxb2 20. Ref1 b5 21. f5 Nxe5 22. Rh3 h6 23. Bxh6 Nxd3 24. Be3 1-0

[Event "CAN-op"]
[Site "Ottawa CAN"]
[Date "2007.07.11"]
[Round "6"]
[White "Rychagov, Andrey"]
[Black "Short, Nigel"]
[Result "1/2-1/2"]
[WhiteElo "2557"]
[BlackElo "2683"]
[PlyCount "61"]
[GameId "2160767910642235"]
[EventDate "2007.07.07"]
[EventType "swiss"]
[EventRounds "10"]
[EventCountry "CAN"]
[SourceTitle "CBM 119 Extra"]
[Source "ChessBase"]
[SourceDate "2007.09.04"]
[SourceVersion "1"]
[SourceVersionDate "2007.09.04"]
[SourceQuality "1"]

1. d4 Nf6 2. c4 e6 3. Nc3 Bb4 4. Qc2 d5 5. cxd5 Qxd5 6. e3 O-O 7. Bd2 Bxc3 8. Bxc3 Rd8 9. Ne2 b6 10. Nf4 Qd6 11. Bd3 a5 12. O-O Ba6 13. Bxa6 Nxa6 14. a3 Rdc8 15. Rfd1 Nd5 16. Ne2 c5 17. dxc5 Qxc5 18. Qd3 Qf8 19. Bd4 Nc5 20. Bxc5 Rxc5 21. Rac1 Rac8 22. Rxc5 Qxc5 23. h3 h6 24. Rc1 Qf8 25. Rc4 Qd8 26. Qc2 Rxc4 27. Qxc4 Ne7 28. Qd4 Qc7 29. Nc3 Nf5 30. Qd3 Nd6 31. Qd4 1/2-1/2

[Event "CAN-op"]
[Site "Ottawa CAN"]
[Date "2007.07.11"]
[Round "6"]
[White "Trinh, Tri Bao"]
[Black "Panjwani, Raja"]
[Result "0-1"]
[WhiteElo "2026"]
[BlackElo "2283"]
[PlyCount "110"]
[GameId "2160767910642241"]
[EventDate "2007.07.07"]
[EventType "swiss"]
[EventRounds "10"]
[EventCountry "CAN"]
[SourceTitle "EXT 2022"]
[Source "ChessBase"]
[SourceDate "2021.10.06"]
[SourceVersion "1"]
[SourceVersionDate "2021.10.06"]
[SourceQuality "1"]

1. c4 g6 2. Nf3 Bg7 3. g3 d6 4. Bg2 Nf6 5. O-O O-O 6. Nc3 e5 7. d3 Nc6 8. Bg5 h6 9. Bxf6 Bxf6 10. Rb1 a5 11. a3 Re8 12. b4 axb4 13. axb4 Bg7 14. b5 Nd4 15. e3 Ra3 16. Nd5 Ne6 17. Qc1 Ra2 18. Nc3 Ra8 19. Qc2 Nc5 20. Nd2 Bd7 21. Nde4 Nxe4 22. Bxe4 c6 23. bxc6 bxc6 24. Rb7 Rb8 25. Rfb1 Rxb7 26. Rxb7 Qc8 27. Qb3 f5 28. Bg2 e4 29. d4 c5 30. Ne2 Bc6 31. Rb6 Qa8 32. Qb1 Qa4 33. Bf1 cxd4 34. Nxd4 Bxd4 35. exd4 Rd8 36. d5 Ba8 37. Qb2 Kf7 38. Qd4 Qa3 39. Rb1 Re8 40. Ra1 Qb4 41. Qa7+ Bb7 42. Ra6 Re7 43. Rb6 Qc5 44. Be2 e3 45. f3 g5 46. h3 f4 47. gxf4 gxf4 48. Kg2 Rc7 49. h4 h5 50. Bd3 e2 51. Bxe2 Re7 52. Bd3 Bxd5 53. Qa6 Bxf3+ 54. Kxf3 Qe3+ 55. Kg2 Qg3+ 0-1

[Event "CAN-op"]
[Site "Ottawa CAN"]
[Date "2007.07.12"]
[Round "7"]
[White "Abou Nassif, Ahmad"]
[Black "Ferreira, Alex"]
[Result "1-0"]
[WhiteElo "1700"]
[BlackElo "1892"]
[PlyCount "123"]
[GameId "2160767910642243"]
[EventDate "2007.07.07"]
[EventType "swiss"]
[EventRounds "10"]
[EventCountry "CAN"]
[SourceTitle "EXT 2022"]
[Source "ChessBase"]
[SourceDate "2021.10.06"]
[SourceVersion "1"]
[SourceVersionDate "2021.10.06"]
[SourceQuality "1"]

1. Nf3 Nf6 2. b3 d5 3. Bb2 c5 4. e3 Nc6 5. d4 Bg4 6. Be2 e6 7. O-O Bxf3 8. Bxf3 cxd4 9. exd4 Be7 10. Re1 O-O 11. a3 Rc8 12. Qd3 Na5 13. Rc1 a6 14. c4 dxc4 15. bxc4 Qb6 16. Nd2 Rfd8 17. Rab1 Qd6 18. Qe2 Bf8 19. Bc3 Nc6 20. d5 exd5 21. Bxf6 gxf6 22. Bxd5 Ne7 23. Ne4 Qf4 24. Bxb7 Rb8 25. g3 Qe5 26. Rb6 Kh8 27. Qf3 Ng8 28. c5 Be7 29. c6 f5 30. c7 fxe4 31. cxb8=Q Rxb8 32. Qc3 Qxc3 33. Rxc3 Kg7 34. Rcb3 a5 35. Ra6 Bxa3 36. Rxa5 Be7 37. Re5 e3 38. Rexe3 Bg5 39. Rf3 Rd8 40. Rfd3 Re8 41. h4 Be7 42. Re3 Rd8 43. Rbd3 Rb8 44. Rd7 Bc5 45. Rb3 Nf6 46. Rc7 Bd6 47. Rc8 Rxc8 48. Bxc8 Ng8 49. Kg2 Ne7 50. Ba6 h6 51. Bd3 Kf6 52. Rb5 Ng6 53. f4 Kg7 54. Kf3 Be7 55. Rb7 Kf8 56. h5 Nh8 57. Bc4 Bf6 58. Ke4 Be7 59. Kf5 f6 60. Rb8+ Kg7 61. Rg8+ Kh7 62. Rg4 1-0

[Event "CAN-op"]
[Site "Ottawa CAN"]
[Date "2007.07.12"]
[Round "7"]
[White "Gardner, Robert"]
[Black "Ivkov, Borislav"]
[Result "0-1"]
[WhiteElo "2207"]
[BlackElo "2414"]
[PlyCount "50"]
[GameId "2160767910642255"]
[EventDate "2007.07.07"]
[EventType "swiss"]
[EventRounds "10"]
[EventCountry "CAN"]
[SourceTitle "CBM 119 Extra"]
[Source "ChessBase"]
[SourceDate "2007.09.04"]
[SourceVersion "1"]
[SourceVersionDate "2007.09.04"]
[SourceQuality "1"]

1. f4 c5 2. Nf3 Nc6 3. e4 d6 4. Be2 g6 5. c3 Nf6 6. d3 Bg7 7. O-O O-O 8. Qe1 Ne8 9. Be3 e6 10. Nbd2 Bd7 11. e5 b6 12. d4 cxd4 13. cxd4 Nb4 14. Qf2 Bc6 15. Ng5 Nc7 16. Rac1 Bb7 17. Nde4 Bxe4 18. Nxe4 Nxa2 19. Nf6+ Bxf6 20. Rxc7 Bh4 21. g3 Qxc7 22. gxh4 Nb4 23. f5 exf5 24. Bh6 dxe5 25. Qg3 f4 0-1

[Event "CAN-op"]
[Site "Ottawa CAN"]
[Date "2007.07.12"]
[Round "7"]
[White "Inigo, Aquino"]
[Black "Kaminski, Victor"]
[Result "1-0"]
[WhiteElo "1852"]
[BlackElo "2149"]
[PlyCount "83"]
[GameId "2160767910642259"]
[EventDate "2007.07.07"]
[EventType "swiss"]
[EventRounds "10"]
[EventCountry "CAN"]
[SourceTitle "CBM 119 Extra"]
[Source "ChessBase"]
[SourceDate "2007.09.04"]
[SourceVersion "1"]
[SourceVersionDate "2007.09.04"]
[SourceQuality "1"]

1. d4 Nf6 2. c4 e6 3. Nf3 b6 4. Bg5 Bb7 5. Nc3 Bb4 6. Qb3 Be7 7. e3 d6 8. Be2 Nbd7 9. O-O h6 10. Bh4 g5 11. Bg3 Nh5 12. Nd2 Nxg3 13. fxg3 h5 14. Bf3 c6 15. d5 Ne5 16. dxc6 Nxf3+ 17. Rxf3 Bxc6 18. Rf2 Qd7 19. Raf1 f6 20. Qc2 O-O-O 21. Nb5 g4 22. Nd4 Bb7 23. Qg6 Rdf8 24. b4 Bd8 25. N2b3 e5 26. Ne2 Qa4 27. b5 Kb8 28. Qd3 Qxa2 29. Ra1 Qb2 30. Nec1 Qxf2+ 31. Kxf2 Bc7 32. Nd2 h4 33. Nf1 Rf7 34. Qa3 Rfh7 35. Qxa7+ Kc8 36. Ne2 h3 37. gxh3 Bb8 38. Qxb6 Rxh3 39. c5 Rxh2+ 40. Nxh2 Rxh2+ 41. Kf1 Be4 42. c6 1-0

[Event "CAN-op"]
[Site "Ottawa CAN"]
[Date "2007.07.12"]
[Round "7"]
[White "Lahaye, Rick"]
[Black "Xiong, Jerry"]
[Result "1-0"]
[WhiteElo "2367"]
[BlackElo "2151"]
[PlyCount "71"]
[GameId "2160767910642261"]
[EventDate "2007.07.07"]
[EventType "swiss"]
[EventRounds "10"]
[EventCountry "CAN"]

1. Nf3 c5 2. c4 e6 3. g3 d5 4. Bg2 Nf6 5. O-O Nc6 6. cxd5 exd5 7. d4 Be7 8. dxc5 O-O 9. Be3 Ng4 10. Bd4 Nxd4 11. Qxd4 Bf6 12. Qd2 Qe7 13. Nc3 Bxc3 14. Qxc3 Qxe2 15. Nd4 Qe5 16. Rae1 Qg5 17. h4 Qd8 18. c6 Nf6 19. Re5 Qd6 20. cxb7 Bxb7 21. Nf5 Qa6 22. Bxd5 Bxd5 23. Rxd5 Rfe8 24. Rd6 Qc8 25. Nh6+ Kf8 26. Qa3 Re7 27. Rfd1 Ke8 28. Qf3 Ne4 29. Nxf7 Nxg3 30. Rd8+ Qxd8 31. Rxd8+ Rxd8 32. Nxd8 Ne2+ 33. Kf1 Kxd8 34. Qa8+ Kd7 35. Qxa7+ Kd6 36. Qxe7+ 1-0

[Event "CAN-op"]
[Site "Ottawa CAN"]
[Date "2007.07.12"]
[Round "7"]
[White "Villalobos, Oscar"]
[Black "Zlatanov, Petar"]
[Result "0-1"]
[WhiteElo "1650"]
[BlackElo "1504"]
[PlyCount "92"]
[GameId "2160767910642281"]
[EventDate "2007.07.07"]
[EventType "swiss"]
[EventRounds "10"]
[EventCountry "CAN"]
[SourceTitle "EXT 2022"]
[Source "ChessBase"]
[SourceDate "2021.10.06"]
[SourceVersion "1"]
[SourceVersionDate "2021.10.06"]
[SourceQuality "1"]

1. e4 c5 2. d3 Nc6 3. g3 e6 4. Bg2 g6 5. f4 Bg7 6. Nf3 Nge7 7. c3 O-O 8. Be3 b6 9. O-O Ba6 10. Re1 d5 11. e5 Rc8 12. a4 c4 13. d4 Na5 14. Nbd2 Qd7 15. h4 b5 16. h5 Rb8 17. Nh2 b4 18. hxg6 fxg6 19. Bh3 Rb6 20. Ng4 Bc8 21. Qc2 Qb7 22. Reb1 Nb3 23. Nxb3 cxb3 24. Qxb3 bxc3 25. Qxc3 Rb3 26. Qd2 Nf5 27. Nf6+ Bxf6 28. Bxf5 exf5 29. exf6 Rxf6 30. Rc1 Bd7 31. Ra2 Rfb6 32. Rc2 R6b4 33. a5 Qb5 34. Qf2 Rc4 35. Re2 Rd3 36. Kg2 Ra4 37. Rxa4 Qxa4 38. Bd2 Rxd4 39. Bc3 Re4 40. Rd2 Bc6 41. Rd4 Qb5 42. Rxe4 dxe4 43. Kg1 Qd3 44. Bd4 Qd1+ 45. Kh2 e3 46. Qg1 Qh5# 0-1

[Event "CAN-op"]
[Site "Ottawa CAN"]
[Date "2007.07.12"]
[Round "7"]
[White "Yu, Melvin"]
[Black "Guo, Joshua"]
[Result "0-1"]
[WhiteElo "1948"]
[BlackElo "2212"]
[PlyCount "104"]
[GameId "2160767910642285"]
[EventDate "2007.07.07"]
[EventType "swiss"]
[EventRounds "10"]
[EventCountry "CAN"]

1. e4 c5 2. Nf3 d6 3. d4 cxd4 4. Nxd4 Nf6 5. Nc3 a6 6. Be3 e5 7. Nb3 Be6 8. f3 Nbd7 9. g4 Rc8 10. g5 Nh5 11. Nd5 Be7 12. Nxe7 Qxe7 13. Qd2 Nc5 14. Rd1 Nxb3 15. axb3 Rc6 16. b4 b5 17. c3 O-O 18. h4 g6 19. Bh3 Ng3 20. Rh2 Rd8 21. Qf2 Nh5 22. Bg4 Ng7 23. h5 Bxg4 24. fxg4 Rc4 25. Qf3 Ne6 26. Rf2 Nf4 27. Bxf4 exf4 28. Rd4 Rxd4 29. cxd4 d5 30. Qxf4 dxe4 31. h6 Rxd4 32. Rd2 Rxd2 33. Qxd2 f6 34. Qd5+ Kf8 35. gxf6 Qxf6 36. Qxe4 Qe7 37. Qxe7+ Kxe7 38. Ke2 Kf6 39. Ke3 Kg5 40. Kd4 Kxg4 41. Kc5 Kf5 42. Kb6 g5 43. Kxa6 g4 44. Kxb5 g3 45. Kc6 g2 46. b5 g1=Q 47. b6 Qc1+ 48. Kb7 Qxb2 49. Kc7 Qc3+ 50. Kb8 Ke6 51. b7 Kd7 52. Ka8 Qa5+ 0-1

[Event "CAN-op"]
[Site "Ottawa CAN"]
[Date "2007.07.12"]
[Round "7"]
[White "Yuan, Yuanling"]
[Black "Pacey, Kevin"]
[Result "0-1"]
[WhiteElo "2100"]
[BlackElo "2258"]
[PlyCount "122"]
[GameId "2160767910642286"]
[EventDate "2007.07.07"]
[EventType "swiss"]
[EventRounds "10"]
[EventCountry "CAN"]
[SourceTitle "CBM 119 Extra"]
[Source "ChessBase"]
[SourceDate "2007.09.04"]
[SourceVersion "1"]
[SourceVersionDate "2007.09.04"]
[SourceQuality "1"]

1. e4 c6 2. d4 d5 3. e5 Bf5 4. Be3 e6 5. Nd2 Nd7 6. Ngf3 h6 7. Be2 Bh7 8. c3 Ne7 9. Nf1 Nf5 10. Bf4 c5 11. Ng3 Nxg3 12. Bxg3 Qb6 13. Qc1 Rc8 14. O-O a6 15. Rd1 cxd4 16. Nxd4 Nc5 17. Bf4 Be7 18. Be3 Qc7 19. Bf4 g5 20. Bg3 Bg6 21. h3 Qb6 22. Bh2 Ne4 23. f3 Nc5 24. Kh1 h5 25. Bg1 Qc7 26. Qe3 g4 27. fxg4 Ne4 28. Bh2 hxg4 29. Bxg4 Qb6 30. Qe2 Bg5 31. a4 Rc4 32. Ra3 Bh4 33. Rf1 Bg3 34. Raa1 Bxh2 35. Kxh2 Qc7 36. Qe3 Qxe5+ 37. Kg1 Qg5 38. Qxg5 Nxg5 39. Be2 Rc7 40. Rac1 Ne4 41. Rfd1 Bh5 42. g4 Bg6 43. Bf1 Nc5 44. Ra1 Be4 45. a5 Nd7 46. Kh2 Ne5 47. Be2 Ng6 48. Kg3 Nh4 49. Rac1 Ng2 50. c4 dxc4 51. Bxc4 Ke7 52. Re1 Nxe1 53. Rxe1 Rxc4 54. Rxe4 Rc1 55. Nf3 Rhc8 56. Rb4 R8c7 57. h4 Kf8 58. g5 Ra1 59. Rd4 Rxa5 60. Rd8+ Kg7 61. h5 f6 0-1

[Event "CAN-op"]
[Site "Ottawa CAN"]
[Date "2007.07.13"]
[Round "7"]
[White "Chyurlia, Jerome"]
[Black "Moran-Venegas, Mario"]
[Result "1-0"]
[WhiteElo "1663"]
[BlackElo "1793"]
[PlyCount "89"]
[GameId "2160767910642287"]
[EventDate "2007.07.07"]
[EventType "swiss"]
[EventRounds "10"]
[EventCountry "CAN"]
[SourceTitle "EXT 2022"]
[Source "ChessBase"]
[SourceDate "2021.10.06"]
[SourceVersion "1"]
[SourceVersionDate "2021.10.06"]
[SourceQuality "1"]

1. e4 c6 2. d4 d5 3. Nc3 dxe4 4. Nxe4 Bf5 5. Ng3 Bg6 6. h4 h6 7. Nf3 e6 8. Bd3 Bxd3 9. Qxd3 Qc7 10. Ne5 Nf6 11. O-O Nbd7 12. c4 Nxe5 13. dxe5 Qxe5 14. Rd1 Bc5 15. Qf3 O-O 16. Rb1 Rad8 17. Bd2 Rd7 18. Bf4 Rxd1+ 19. Rxd1 Qxb2 20. Rd2 Qc1+ 21. Kh2 Qxc4 22. Kh3 Nd5 23. Ne4 Nxf4+ 24. Qxf4 Qb4 25. Rd7 Qa3+ 26. f3 Be3 27. Qg3 Qc1 28. Nf6+ Kh8 29. Rxf7 Qh1+ 30. Kg4 gxf6 31. Rxf8+ Kg7 32. Rb8 Kg6 33. Rg8+ Kf7 34. Kh5 Bg5 35. Rb8 e5 36. Qg4 Ke7 37. Rxb7+ Kd6 38. Qb4+ c5 39. Qb5 Qxh4+ 40. Kg6 Qh5+ 41. Kxh5 e4 42. Rd7+ Ke5 43. Qxc5+ Kf4 44. Qd6+ Ke3 45. Qd2# 1-0

[Event "CAN-op"]
[Site "Ottawa CAN"]
[Date "2007.07.13"]
[Round "8"]
[White "Ferreira, Alex"]
[Black "Perez, Michael"]
[Result "1-0"]
[WhiteElo "1892"]
[BlackElo "1643"]
[PlyCount "115"]
[GameId "2160767910642300"]
[EventDate "2007.07.07"]
[EventType "swiss"]
[EventRounds "10"]
[EventCountry "CAN"]
[SourceTitle "EXT 2022"]
[Source "ChessBase"]
[SourceDate "2021.10.06"]
[SourceVersion "1"]
[SourceVersionDate "2021.10.06"]
[SourceQuality "1"]

1. c4 e5 2. Nc3 Nf6 3. g3 c6 4. d4 exd4 5. Qxd4 d5 6. cxd5 cxd5 7. Bg5 Nc6 8. Qd3 Nb4 9. Qd2 d4 10. O-O-O Nc6 11. Bg2 Bd7 12. Nd5 Be7 13. Nxe7 Qxe7 14. Kb1 Bf5+ 15. Ka1 Rd8 16. Qf4 Bd7 17. Bxf6 Qxf6 18. Qxf6 gxf6 19. Nf3 Bf5 20. Rd2 Be4 21. Nh4 Bxg2 22. Nxg2 O-O 23. Rhd1 Kg7 24. Kb1 h5 25. h3 Rfe8 26. e3 dxe3 27. Nxe3 Rxd2 28. Rxd2 Ne5 29. Kc2 Rc8+ 30. Kd1 Rc7 31. Ke2 Kg6 32. Nd5 Rd7 33. Nf4+ Kg5 34. Rxd7 Nxd7 35. f3 a5 36. h4+ Kh6 37. Kd3 Ne5+ 38. Ke4 b5 39. Nd5 Kg6 40. f4 Nc4 41. f5+ Kg7 42. b3 Nd2+ 43. Ke3 Nf1+ 44. Kf4 Nd2 45. Nc7 b4 46. Ne8+ Kf8 47. Nxf6 Nb1 48. Ke3 Nc3 49. Kd3 Nxa2 50. Nxh5 Nc1+ 51. Kc4 Kg8 52. g4 Kh7 53. g5 Ne2 54. Nf6+ Kh8 55. Ne4 Kg7 56. h5 Kh7 57. h6 Nf4 58. Kb5 1-0

[Event "CAN-op"]
[Site "Ottawa CAN"]
[Date "2007.07.13"]
[Round "8"]
[White "Groleau, Gilles"]
[Black "Reeve, Jeff"]
[Result "0-1"]
[WhiteElo "2128"]
[BlackElo "2304"]
[PlyCount "48"]
[GameId "2160767910642301"]
[EventDate "2007.07.07"]
[EventType "swiss"]
[EventRounds "10"]
[EventCountry "CAN"]

1. e4 c5 2. Nc3 Nc6 3. f4 g6 4. Nf3 Bg7 5. Bb5 Nd4 6. Bd3 d6 7. Nxd4 cxd4 8. Ne2 Nf6 9. c3 dxc3 10. dxc3 Qb6 11. Qb3 Qc5 12. Qb5+ Qxb5 13. Bxb5+ Bd7 14. Bxd7+ Kxd7 15. Ng3 h5 16. h4 Rhc8 17. O-O Ng4 18. Bd2 Bf6 19. Rad1 Bxh4 20. Ne2 Ke8 21. Nd4 a6 22. Nf3 Bg3 23. f5 gxf5 24. exf5 Rc5 0-1

[Event "CAN-op"]
[Site "Ottawa CAN"]
[Date "2007.07.13"]
[Round "8"]
[White "Jiang, Louie"]
[Black "Atalik, Ekaterina"]
[Result "0-1"]
[WhiteElo "2072"]
[BlackElo "2400"]
[PlyCount "96"]
[GameId "2160767910642309"]
[EventDate "2007.07.07"]
[EventType "swiss"]
[EventRounds "10"]
[EventCountry "CAN"]
[SourceTitle "CBM 119 Extra"]
[Source "ChessBase"]
[SourceDate "2007.09.04"]
[SourceVersion "1"]
[SourceVersionDate "2007.09.04"]
[SourceQuality "1"]

1. e4 e5 2. Nf3 Nc6 3. Bb5 a6 4. Ba4 Nf6 5. O-O Be7 6. Re1 b5 7. Bb3 O-O 8. c3 d6 9. h3 Na5 10. Bc2 c5 11. d4 Qc7 12. Nbd2 cxd4 13. cxd4 Rd8 14. d5 g6 15. Nf1 Nh5 16. Qe2 Bd7 17. g4 Nf4 18. Bxf4 exf4 19. Rac1 Nc4 20. e5 Qb6 21. N1d2 Nxe5 22. Nxe5 dxe5 23. Qxe5 Bf6 24. Qxf4 Bxb2 25. Rcd1 Qf6 26. Qxf6 Bxf6 27. Ne4 Be5 28. Nc5 Bd6 29. Nb7 Bb4 30. Nxd8 Bxe1 31. Rxe1 Rxd8 32. Bb3 Kf8 33. Kg2 a5 34. a3 Rc8 35. Kf3 h6 36. Re3 g5 37. Ke4 a4 38. Bd1 Ke7 39. Be2 Kd6 40. Kd4 Rc2 41. f3 Rc5 42. Ke4 Rxd5 43. Rd3 Rxd3 44. Kxd3 b4 45. Kc2 bxa3 46. Bc4 Be6 47. Bb5 Ke5 48. Bxa4 Bd5 0-1

[Event "CAN-op"]
[Site "Ottawa CAN"]
[Date "2007.07.13"]
[Round "8"]
[White "Paulin, Rene"]
[Black "Villalobos, Oscar"]
[Result "0-1"]
[WhiteElo "1823"]
[BlackElo "1650"]
[PlyCount "114"]
[GameId "2160767910642321"]
[EventDate "2007.07.07"]
[EventType "swiss"]
[EventRounds "10"]
[EventCountry "CAN"]
[SourceTitle "EXT 2022"]
[Source "ChessBase"]
[SourceDate "2021.10.06"]
[SourceVersion "1"]
[SourceVersionDate "2021.10.06"]
[SourceQuality "1"]

1. Nf3 Nf6 2. g3 c5 3. Bg2 Nc6 4. O-O e5 5. d3 d5 6. c3 Be7 7. Nbd2 Bf5 8. Nh4 Be6 9. Nhf3 Qd7 10. Re1 Bh3 11. e4 Bxg2 12. Kxg2 h5 13. h4 Ng4 14. Nf1 f6 15. exd5 Qxd5 16. Ne3 Qd7 17. Qe2 O-O-O 18. Rd1 e4 19. Ne1 g5 20. Nxg4 hxg4 21. hxg5 f5 22. Bf4 Qe8 23. Qe3 Qh5 24. Kf1 Rhe8 25. dxe4 Bxg5 26. Rxd8+ Bxd8 27. e5 Bc7 28. e6 Bxf4 29. gxf4 Qh6 30. Kg2 Rxe6 31. Qg3 Re2 32. Nd3 c4 33. Rh1 Qf6 34. Ne5 Nxe5 35. fxe5 Qc6+ 36. Kf1 Rxf2+ 37. Qxf2 Qxh1+ 38. Ke2 Qe4+ 39. Kd2 Qd3+ 40. Kc1 g3 41. Qxa7 Qf1+ 42. Kd2 Qg2+ 43. Ke1 Qe4+ 44. Kf1 Qxe5 45. Qa8+ Qb8 46. Qa4 Qf4+ 47. Ke2 Qf2+ 48. Kd1 Qf1+ 49. Kd2 Qd3+ 50. Kc1 Qe4 51. Qa8+ Kd7 52. Qg8 g2 53. Qf7+ Kd6 54. Qf6+ Kc7 55. Qf7+ Kb6 56. Qg6+ Ka7 57. Kd2 Qf4+ 0-1